Religion, Violence and Political Mobilisation in South Asia (Record no. 15525)

MARC details
000 -LEADER
fixed length control field 00612nam a2200229 a 4500
020 ## - INTERNATIONAL STANDARD BOOK NUMBER
ISBN 0761934316
082 00 - DEWEY DECIMAL CLASSIFICATION NUMBER
Classification number 303.625
Author Cutter KAU
100 ## - MAIN ENTRY--AUTHOR NAME
Author name Kaur, Ravinder
245 ## - TITLE STATEMENT
Title Religion, Violence and Political Mobilisation in South Asia
260 ## - PUBLICATION, DISTRIBUTION, ETC. (IMPRINT)
Place of publication New Delhi
Name of publisher Sage Publications
Year of publication 2005
300 ## - PHYSICAL DESCRIPTION
Number of Pages 228p
500 ## - GENERAL NOTE
General note includes index and biblioraphy
650 ## - SUBJECT ADDED ENTRY--TOPICAL TERM
Topical Term Violence-Religious Aspcts
942 ## - ADDED ENTRY ELEMENTS (KOHA)
Koha item type Books
700 1# -
-- Kaur, Ravinder
Holdings
Collection code Home library Current library Date acquired Cost, normal purchase price Full call number Accession Number Koha item type
  Henry Martyn Institute Library Henry Martyn Institute Library 11/22/2013 280.00 303.625 KAU 021832 Books
                   Copyright © 2026 | Henry Martyn Institute | Hyderabad | TS-500052 | INDIA | Implemented by hmi.edu.in
Hit-Count:

Powered by Koha